Η νύχτα του κορακιού : δέκα σκοτεινά παραμύθια με καλό τέλος από την προφορική παράδοση
Αποθηκεύτηκε σε:
| Κύριος συγγραφέας: | |
|---|---|
| Μορφή: | Βιβλίο |
| Γλώσσα: | Greek |
| Δημοσίευση: |
Αθήνα :
Πατάκης,
2018, c2017.
|
| Σειρά: | Κι αν σου μιλώ με παραμύθια
|
| Θέματα: | |
| Ετικέτες: |
Προσθήκη ετικέτας
Δεν υπάρχουν, Καταχωρήστε ετικέτα πρώτοι!
|
MARC
| LEADER | 00000cam a2200000 a 4500 | ||
|---|---|---|---|
| 001 | 1/120063 | ||
| 008 | 191008r20182017gr | ||| |||| ||gre|| | ||
| 020 | |a 9789601678009 | ||
| 040 | |a GR-MyUa |b gre |c GR-MyUa |e AACR2 | ||
| 041 | 0 | |a gre | |
| 082 | 7 | |a 808.80375 ή 372.67 |2 (23) | |
| 100 | 1 | |a Λαμπρέλλη, Ευαγγελία. | |
| 245 | 1 | 2 | |a Η νύχτα του κορακιού : |b δέκα σκοτεινά παραμύθια με καλό τέλος από την προφορική παράδοση / |c Λίλη Λαμπρέλλη. |
| 260 | |a Αθήνα : |b Πατάκης, |c 2018, c2017. | ||
| 300 | |a 171 σ. ; |c 18 εκ. | ||
| 490 | 1 | |a (Κι αν σου μιλώ με παραμύθια) | |
| 650 | 0 | |a Narration (Rhetoric) | |
| 650 | 0 | |a Fairy tales |z Greece. | |
| 650 | 0 | |a Folk literature, Greek. | |
| 650 | 0 | |a Tales. | |
| 830 | 0 | |a Κι αν σου μιλώ με παραμύθια | |
| 852 | |a INST |b SAMOS |e 20191008 |h 808.80375 ΛΑΜ |p 005300046145 |q 005300046145 |t BK |y 0 | ||
| 920 | |a Σιταροπούλου |b Μαρία |y Σάμος |z 2019-07 | ||
| 970 | |a Γουβάλα |b Βάσω |z 08-10-2019 | ||